Student solutions manual to accompany Salas and Hille's Calculus : one and several variables
Saved in:
| Main Author: | |
|---|---|
| Other Authors: | , |
| Format: | Book |
| Language: | Greek |
| Published: |
New York :
John Wiley,
c1995
|
| Edition: | 7th ed. |
| Subjects: | |
| Tags: |
Add Tag
No Tags, Be the first to tag this record!
|
MARC
| LEADER | 00000nam a2200000 i 4500 | ||
|---|---|---|---|
| 001 | 1/53627 | ||
| 008 | 980907s1995 gre d | ||
| 020 | |a 0-471-58723-0 | ||
| 035 | |l 10044758 | ||
| 040 | |a GR-MY-UA |b gre |e aacr | ||
| 041 | 0 | |a gre | |
| 082 | 0 | |a 515 | |
| 100 | 1 | |a Salas, Saturnino L. | |
| 245 | 1 | 0 | |a Student solutions manual to accompany Salas and Hille's Calculus : |b one and several variables / |c revised by Garret J. Etgen ; with the assistance of Jun Ma |
| 250 | |a 7th ed. | ||
| 260 | |a New York : |b John Wiley, |c c1995 | ||
| 300 | |a 554 p.; |b ill.; |c 28 cm. | ||
| 650 | 0 | 0 | |a Calculus. |
| 700 | 1 | |a Hille, Einar |d 1894- | |
| 700 | 1 | |a Etgen, Garret J. |d 1937- | |
| 852 | |a INST |b SAMOS |e 19980907 |h 515 SAL |p 005300010883 |q 005300010883 |t BK |y 0 | ||
| 901 | |a BIBL-1998-3 | ||
| 909 | |a Σ |b 057555 | ||
| 922 | |a 3ΕΛΗ |b 199807 |c ΔΩΡ |d JOHN WILEY | ||